000 00283 a2200121 4500
001 57194
082 _a332.7505491 JAV
090 _c35121
_d35121
100 _aJaved Mehmood
245 _aWho bankrupted Pakistan?
260 _aLahore
_bJaved MAhmood
_c2001
300 _a232p
942 _aNUST-CAE
_k332.7505491 JAV
999 _c292267
_d292267